Etude de faisabilité pour l'électrification par raccordement aux réseaux conventionnels de la SBEE de la localité de Tanga-Todo dans la commune d'Allada (Record no. 62412)
[ view plain ]
| 000 -LEADER | |
|---|---|
| fixed length control field | 00840nam a22002177a 4500 |
| 003 - CONTROL NUMBER IDENTIFIER | |
| control field | 0 |
| 005 - DATE AND TIME OF LATEST TRANSACTION | |
| control field | 20220929110014.0 |
| 008 - FIXED-LENGTH DATA ELEMENTS--GENERAL INFORMATION | |
| fixed length control field | 220929b |||||||| |||| 00| 0 fre. d |
| 040 ## - SOURCE DU CATALOGAGE | |
| Original cataloging agency | BUAC |
| Language of cataloging | Fre. |
| Transcribing agency | BEPAC |
| 100 ## - VEDETTE PRINCIPALE - NOM DE PERSONNE | |
| Personal name | ADJAKPE C. Paulin |
| 245 ## - TITLE STATEMENT | |
| Title | Etude de faisabilité pour l'électrification par raccordement aux réseaux conventionnels de la SBEE de la localité de Tanga-Todo dans la commune d'Allada |
| Statement of responsibility, etc | /par C. Paulin ADJAKPE ; Wilfried ADJIBA ; Vincent HOUNDEDAKO |
| 260 ## - PUBLICATION, DISTRIBUTION, ETC. (IMPRINT) | |
| Place of publication, distribution, etc | Abomey-Calavi : |
| Name of publisher, distributor, etc | Ecole polytechnique d'Abomey-Calavi ; |
| Date of publication, distribution, etc | 2021 |
| 300 ## - PHYSICAL DESCRIPTION | |
| Extent | 1-71 p. |
| Dimensions | 30 cm. |
| 500 ## - GENERAL NOTE | |
| General note | Rapport(GE) /EPAC / UAC |
| 650 ## - SUBJECT ADDED ENTRY--TOPICAL TERM | |
| Topical term or geographic name as entry element | Électrification |
| 650 ## - SUBJECT ADDED ENTRY--TOPICAL TERM | |
| Topical term or geographic name as entry element | Réseaux conventionnels |
| 650 ## - SUBJECT ADDED ENTRY--TOPICAL TERM | |
| Topical term or geographic name as entry element | Tanga-Todo |
| 700 ## - ADDED ENTRY--PERSONAL NAME | |
| Personal name | ADJIBA, Wilfried |
| Relator term | Tuteur |
| 700 ## - ADDED ENTRY--PERSONAL NAME | |
| Personal name | HOUNDEDAKO, Vincent |
| Relator term | Maître de mémoire |
| 942 ## - ADDED ENTRY ELEMENTS (KOHA) | |
| Source of classification or shelving scheme | Dewey Decimal Classification |
| Koha item type | Thèse et Memoire |
| Withdrawn status | Lost status | Source of classification or shelving scheme | Damaged status | Not for loan | Location (home branch) | Sublocation or collection (holding branch) | Shelving location | Date acquired | Coded location qualifier | Koha issues (times borrowed) | Koha full call number | Piece designation (barcode) | Koha date last seen | Copy number | Price effective from | Koha item type |
|---|---|---|---|---|---|---|---|---|---|---|---|---|---|---|---|---|
| Dewey Decimal Classification | Bibliothèque Ecole Polytechnique d'Abomey-Calavi | Bibliothèque Ecole Polytechnique d'Abomey-Calavi | 29/09/2022 | R29729 | 41.GE/ADJ | R29729EPAC | 29/09/2022 | 1 | 29/09/2022 | Thèse et Memoire | ||||||
| Dewey Decimal Classification | Bibliothèque de l'Ecole Nationale d'Economie Appliquée et de Management | Bibliothèque Ecole Polytechnique d'Abomey-Calavi | 29/09/2022 | R29730 | 41.GE/ADJ | R29730EPAC | 29/09/2022 | 2 | 29/09/2022 | Thèse et Memoire |